| 000 | 00799nam0a22002411 4500 | ||
|---|---|---|---|
| 001 | rc\109280 | ||
| 005 | 20250620184014.0 | ||
| 010 |
_a5-86509-001-1 _910000 |
||
| 035 | _a(NLR Aleph) 005370199 | ||
| 090 |
_a6991968 _c6991968 |
||
| 100 | _a20021216d1993 |||y0rusy50 ca | ||
| 101 | 0 | _arus | |
| 102 | _aRU | ||
| 105 | _ay ||||||||| | ||
| 200 | 1 |
_aТехника банковского дела _eСправ. кн. и руководство по изуч. практики банков. и биржевых операций _fПер. с нем. А.Ф. Каган-Шабшай |
|
| 210 |
_aМ. _cДИС _d1993 |
||
| 215 |
_a234 с. _d20 |
||
| 700 | 1 |
_aБухвальд _bБ. _gБруно |
|
| 801 | 0 |
_aRU _bNLR _gpsbo |
|
| 801 | 1 |
_aRU _bELAR _2rusmarc |
|
| 852 |
_aNLR _j93-3/2219 |
||
| 942 | _cBOOK | ||
| 980 | _aNB | ||